El mundo de las religiones

Gardado en:
Detalles Bibliográficos
Autor Principal: Beaver, R. Pierce
Formato: Libro
Idioma:Lingua castelá
Publicado: Verbo Divino. 1985.
Subjects:
Tags: Engadir etiqueta
Sen Etiquetas, Sexa o primeiro en etiquetar este rexistro!

MARC

LEADER 00000nam a22000005a 4500
001 2747
003 CL-ChBUA
005 20120815102809.0
008 070301s1985 sp 000 0 spa
020 |a 8471513994 
040 |a CL-ChBUA  |c CL-ChBUA 
082 0 0 |a 291.09 
090 |c 2747  |d 2747 
100 1 |a Beaver, R. Pierce. 
245 1 0 |a El mundo de las religiones 
260 |b Verbo Divino.  |c 1985. 
300 |a 453 p.: il.  |b 453 p.: il.  |c 23 cm. 
650 4 |a RELIGIONES - HISTORIA. 
942 |c LIB 
952 |0 0  |1 0  |4 0  |7 0  |9 4089  |a UNACH  |b UNACH  |c 200  |d 2007-03-05  |i 22.496.  |l 10  |m 9  |o 291.09 / M 965.  |p 5088  |r 2026-03-18 16:15:38  |s 2026-02-23  |u 4089  |w 2012-08-08  |y LIB  |k 291.09 / M 965. 
999 |c 2747  |d 2747